000 00673nam a2200205Ia 4500
003 PILC
005 20160926105458.0
008 140910s9999 xx 000 0 und d
020 _a9780198392125
050 _aQD 40
_b.B993 2014
100 _aBylikin, Sergey.
245 _aChemistry :
_bcourse companion
_cSergey bylikin, Gary Horner, Brian Murphy, David Tracy.
250 _a2014 edition
260 _aOxford ; New York :
_bOxford University Press,
_cc2014.
300 _a802 pages :
_bcolored, illustration ;
_c28 cm.
650 _aChemistry
_xExaminations -- Study guide.
650 _aInternationa Bacculaureate.
700 _aHorner, Gray
942 _cBK
_2lcc
999 _c275418
_d275418